| 000 | 00810nam a2200241 u 4500 | ||
|---|---|---|---|
| 005 | 20210223132717.0 | ||
| 008 | 150826s2010 es r 000 0 spa d | ||
| 020 | _a9788478844555 | ||
| 035 | _aUPN01000205445 | ||
| 049 | _aCG | ||
| 050 | 4 |
_aP85 C4 _bCH6.5 |
|
| 245 | 1 | 0 |
_aChomsky [I] : _bteoría lingüística y procesos del lenguaje. Ciencias cognitivas y filosofía del espíritu / _ccoord. Jean Bricmont ; tr. Miguel Sautié. |
| 260 |
_aMadrid : _bPopular, _c2010. |
||
| 300 | _a433 p. | ||
| 440 | 0 | _aProa | |
| 534 |
_pTítulo original: _tCahier Chomsky |
||
| 600 | 1 | 4 |
_aCHOMSKY, NOAM, _d1928- - _xCRITICA E INTERPRETACION _912064 |
| 650 | 4 |
_aLENGUAS - _xFILOSOFIA _93839 |
|
| 650 | 4 |
_aCOGNICION - _xASPECTOS SOCIALES _96582 |
|
| 700 | 1 |
_aBricmont, Jean, _ecoord. |
|
| 905 | _aLibro | ||
| 999 |
_c177546 _d177546 |
||